000 01044nmc a2200361 a 4500
003 AR-BaBNM
005 20251128210821.0
008 261020s2000 ||||||||||||||000 | spa||
020 _a950-16-5311-0
040 _cAR-BaBNM
245 1 0 _aSer humano. Libro cuarto
_blibro del coordinador
246 1 _aCuarto año
_bguía para el coordinador
250 _a1ª ed.
260 _aBuenos Aires
_bTroquel
_c2000
300 0 _a63 p.
_bil., tablas
490 0 _aSer humano. Programa Troquel de educación integral
500 0 _aTítulo tomado de la tapa
521 _aEGB 2
650 4 _aACTIVIDADES DE APRENDIZAJE
650 4 _aPROYECTOS
650 4 _aIDENTIDAD
650 4 _aGUIA DEL DOCENTE
650 4 _aEVALUACION DEL CURSO
650 4 _aAUTOEVALUACION
650 4 _aDESARROLLO DE LA PERSONALIDAD
653 0 _aEDUCACION EN VALORES
653 0 _aTEMAS TRANSVERSALES
653 0 _aESTRATEGIAS DIDACTICAS
653 0 _aEDUCACION GENERAL BASICA
653 0 _aEDUCACION PARA LA SALUD
942 _cBK
998 _cRaquel
999 _c17050
_d17050